[Event "Primorsko op-B"]
[Site "Primorsko"]
[Date "2019.09.19"]
[Round "4"]
[White "Kalchev, Stefan"]
[Black "Borisov, Lubomir"]
[Result "1-0"]
[WhiteElo "2068"]
[BlackElo "1767"]
[PlyCount "73"]
[EventDate "2019.09.16"]
[EventType "swiss"]
[EventRounds "7"]
[EventCountry "BUL"]
[SourceTitle "EXT 2020"]
[Source "ChessBase"]
[SourceDate "2019.10.17"]
[SourceVersion "1"]
[SourceVersionDate "2019.10.17"]
[SourceQuality "1"]

1. e4 e6 2. d4 d5 3. Nd2 h6 4. Ngf3 Nf6 5. Bd3 c5 6. dxc5 Bxc5 7. Qe2 Nc6 8. c3 0-0 9. 0-0 Qc7 10. h3 Re8 11. Re1 d4 12. cxd4 Bxd4 13. e5 Nd5 14. Qe4 f5 15. exf6 Nxf6 16. Qh4 Bb6 17. Nc4 Nb4 18. Nxb6 Qxb6 19. Bg6 Rf8 20. Be3 Qd6 21. Bf4 Qe7 22. Qg3 Rd8 23. Ne5 Rf8 24. Bxh6 Nbd5 25. Bg5 Qb4 26. Nd3 Qb6 27. Qh4 Rd8 28. Nf4 Nxf4 29. Bxf4 Rd4 30. Qg3 Qd8 31. Be5 Rd5 32. Be4 Rd7 33. Bc2 b6 34. Ba4 Rd3 35. Bxf6 Rxg3 36. Bxd8 Rd3 37. Bc6 1-0

[Event "Sofia MGU op 37th"]
[Site "Sofia"]
[Date "2011.08.07"]
[Round "4"]
[White "Kalchev, Stefan"]
[Black "Ivanov, Oleg2222"]
[Result "1-0"]
[WhiteElo "1682"]
[BlackElo "1838"]
[PlyCount "53"]
[EventDate "2011.08.06"]
[EventType "swiss"]
[EventRounds "6"]
[EventCountry "BUL"]
[SourceTitle "CBM 143 Extra"]
[Source "ChessBase"]
[SourceDate "2011.08.29"]
[SourceVersion "1"]
[SourceVersionDate "2011.08.29"]
[SourceQuality "1"]

1. d4 Nf6 2. c4 d6 3. Nf3 c6 4. Nc3 Nbd7 5. e4 g6 6. Be2 Bg7 7. 0-0 0-0 8. Be3 Ng4 9. Bg5 h6 10. Bh4 Ngf6 11. h3 e5 12. c5 Qc7 13. cxd6 Qxd6 14. dxe5 Qxd1 15. Rfxd1 Nh7 16. e6 Nb6 17. exf7+ Rxf7 18. Rd8+ Rf8 19. Rad1 Be6 20. Rxa8 Rxa8 21. Nd4 Bf7 22. Bg3 Rd8 23. e5 Nc4 24. e6 Bxd4 25. Bxc4 Nf6 26. exf7+ Kf8 27. Be5 1-0

[Event "Sofia CSKA op"]
[Site "Sofia"]
[Date "2007.10.28"]
[Round "4"]
[White "Kalchev, Stefan"]
[Black "Monev, Aleksandar"]
[Result "0-1"]
[WhiteElo "2106"]
[BlackElo "2055"]
[PlyCount "94"]
[EventDate "2007.10.27"]
[EventType "swiss"]
[EventRounds "7"]
[EventCountry "BUL"]
[SourceTitle "EXT 2008"]
[Source "ChessBase"]
[SourceDate "2007.11.25"]
[SourceVersion "1"]
[SourceVersionDate "2007.11.25"]
[SourceQuality "1"]

1. e4 e5 2. Nf3 Nc6 3. d4 exd4 4. c3 dxc3 5. Bc4 d6 6. Qb3 Qd7 7. Nxc3 Na5 8. Qb5 Nxc4 9. Qxc4 Ne7 10. 0-0 Nc6 11. Nd5 Be7 12. Bf4 0-0 13. b4 Bd8 14. Bg5 a6 15. a4 Bxg5 16. Nxg5 Qd8 17. f4 h6 18. Nf3 Be6 19. b5 Ne7 20. Nd4 Bxd5 21. exd5 Re8 22. f5 axb5 23. Nxb5 c6 24. Nc3 Qb6+ 25. Kh1 Nxd5 26. Nxd5 cxd5 27. Qxd5 Ra5 28. Qd2 f6 29. Qc2 Rae5 30. Rad1 d5 31. Qa2 Qc6 32. h3 Kh7 33. Rd2 R8e7 34. Rfd1 Re1+ 35. Rxe1 Rxe1+ 36. Kh2 Qc7+ 37. g3 Re3 38. Rg2 d4 39. Qd2 Qe5 40. Qd1 d3 41. Qg4 Re2 42. Qg6+ Kg8 43. Qg4 Rxg2+ 44. Kxg2 d2 45. Qd1 Qe1 46. Qb3+ Kh7 47. Qf7 Qe2+ 0-1

[Event "Sofia CSKA op"]
[Site "Sofia"]
[Date "2007.10.27"]
[Round "2"]
[White "Toshev, Vladimir"]
[Black "Kalchev, Stefan"]
[Result "1/2-1/2"]
[WhiteElo "1832"]
[BlackElo "2106"]
[PlyCount "95"]
[EventDate "2007.10.27"]
[EventType "swiss"]
[EventRounds "7"]
[EventCountry "BUL"]
[SourceTitle "EXT 2008"]
[Source "ChessBase"]
[SourceDate "2007.11.25"]
[SourceVersion "1"]
[SourceVersionDate "2007.11.25"]
[SourceQuality "1"]

1. d4 d5 2. g3 Nf6 3. Nf3 c6 4. Bg2 g6 5. 0-0 Bg7 6. Bf4 0-0 7. Ne5 Nbd7 8. Nd2 Nh5 9. Nxd7 Bxd7 10. Be3 Qc8 11. c4 dxc4 12. Nxc4 Bh3 13. Qb3 Bxg2 14. Kxg2 Qc7 15. Rac1 Rad8 16. Rfd1 Rd7 17. d5 c5 18. Qb5 b6 19. b4 Rfd8 20. bxc5 bxc5 21. Qxc5 Qxc5 22. Bxc5 Rxd5 23. Rxd5 Rxd5 24. Bxa7 Nf6 25. a4 Ne8 26. a5 Nd6 27. Nxd6 Rxd6 28. Rc8+ Bf8 29. Be3 Kg7 30. Bh6+ Kxh6 31. Rxf8 Kg5 32. Ra8 Rd2 33. e4 Kf6 34. Kf3 Ra2 35. a6 Ke5 36. a7 Ra3+ 37. Kg4 Kxe4 38. Kg5 Kf3 39. Kh6 Kxf2 40. Kxh7 e5 41. Kh6 e4 42. Re8 Rxa7 43. Rxe4 Kf3 44. Rh4 Re7 45. Kg7 g5 46. Rh8 g4 47. Kf6 Ra7 48. Kg5 1/2-1/2